[Event "Stare Mesto OPEN"]
[Site "?"]
[Date "2004.08.17"]
[Round "6.11"]
[White "Borovicka, Bohumil"]
[Black "Kantorik, Marian"]
[Result "1/2-1/2"]
[WhiteElo "2073"]
[BlackElo "2331"]
[PlyCount "135"]
[EventDate "2004.??.??"]

1. d4 Nf6 2. Nf3 e6 3. e3 c5 4. Bd3 b6 5. O-O Bb7 6. Nbd2 d6 7. b3 Nbd7 8. Bb2
Be7 9. Re1 O-O 10. e4 cxd4 11. Bxd4 e5 12. Bb2 Nc5 13. Qe2 Nfd7 14. c4 Nxd3 15.
Qxd3 Nc5 16. Qc2 g6 17. b4 Ne6 18. Rad1 Rc8 19. Qb3 Qc7 20. Rc1 h6 21. Rc2 Kh7
22. Rec1 Qd7 23. Re1 f5 24. Rc3 fxe4 25. Nxe4 Rf4 26. Nfd2 b5 27. Rce3 bxc4 28.
Nxc4 Bd5 29. Nb6 Bxb3 30. Nxd7 Ba4 31. Nxe5 dxe5 32. Bxe5 Bxb4 33. Bxf4 Nxf4
34. Rb1 Nd5 35. Rf3 Bc2 36. Rc1 Rc6 37. h3 Kg7 38. a3 Be7 39. Ng3 Bg5 40. Re1
Ba4 41. Rd3 Nb6 42. Ne4 Bc2 43. Rd4 Be7 44. f3 a5 45. a4 Bb4 46. Re2 Bxa4 47.
Rd8 Bb5 48. Rb2 Bc4 49. Rc2 a4 50. Rb8 Nd5 51. Rb7+ Kf8 52. Nd2 Bxd2 53. Rxd2
a3 54. Ra7 a2 55. Rb2 Rc7 56. Raxa2 Bxa2 57. Rxa2 Kf7 58. Re2 Kf6 59. Kh2 g5
60. Kg3 Ne7 61. Ra2 h5 62. Ra6+ Rc6 63. Rxc6+ Nxc6 64. h4 Nd4 65. hxg5+ Kxg5
66. f4+ Kg6 67. Kh3 Ne2 68. g4 1/2-1/2

[Event "Stare Mesto OPEN"]
[Site "?"]
[Date "2004.08.17"]
[Round "6.12"]
[White "Buran, Jaroslav"]
[Black "Kotan, Ladislav"]
[Result "0-1"]
[WhiteElo "2235"]
[BlackElo "2325"]
[PlyCount "112"]
[EventDate "2004.??.??"]

1. d4 d5 2. c4 e6 3. Nc3 Be7 4. Nf3 Nf6 5. g3 c6 6. Qb3 O-O 7. Bg2 b6 8. O-O
Nbd7 9. a4 a5 10. Qa2 Bb4 11. Bf4 Ba6 12. Nd2 Nh5 13. Be3 Rc8 14. Rac1 f5 15.
f4 Ndf6 16. Rfd1 Ng4 17. Bf2 Nhf6 18. h3 Nxf2 19. Kxf2 g5 20. e3 Kh8 21. Bf3
Rc7 22. Be2 Rg7 23. cxd5 Bxe2 24. Kxe2 exd5 25. Rg1 Rfg8 26. Nf3 gxf4 27. gxf4
Qe8 28. Rxg7 Rxg7 29. Rg1 Rxg1 30. Nxg1 Qh5+ 31. Kf1 Qh4 32. Qb1 Bxc3 33. bxc3
Ne4 34. Qe1 Qxe1+ 35. Kxe1 Nxc3 36. Nf3 Kg7 37. Ne5 c5 38. dxc5 bxc5 39. Nc6
Nxa4 40. Nxa5 Kf6 41. Kd2 Ke6 42. Nb3 Kd6 43. Kc2 Nb6 44. Nd2 Nc4 45. Nf1 Kc6
46. Kd3 Kb5 47. Ng3 Nd6 48. Nh5 Ne4 49. Ng7 Ng3 50. Kc3 Ka4 51. Ne6 Ne4+ 52.
Kd3 Kb3 53. h4 h5 54. Ke2 Kb2 55. Kd1 c4 56. Nd4 c3 0-1

[Event "Stare Mesto OPEN"]
[Site "?"]
[Date "2004.08.17"]
[Round "6.13"]
[White "Rachela, Milan"]
[Black "Rubal, Adam"]
[Result "1/2-1/2"]
[WhiteElo "2308"]
[BlackElo "2227"]
[PlyCount "56"]
[EventDate "2004.??.??"]

1. d4 d5 2. c4 e6 3. Nf3 Nf6 4. g3 dxc4 5. Bg2 Nc6 6. O-O Rb8 7. Nc3 b6 8. e4
Be7 9. Bf4 a6 10. Re1 O-O 11. d5 Nb4 12. Ne5 Bd6 13. Nc6 Nxc6 14. dxc6 e5 15.
Bg5 Be6 16. Qe2 h6 17. Be3 Ng4 18. Rad1 Nxe3 19. fxe3 Qe8 20. Rxd6 cxd6 21. Nd5
Bxd5 22. exd5 b5 23. e4 Qe7 24. Bh3 Qa7+ 25. Qf2 Qxf2+ 26. Kxf2 g6 27. Ke3 Kg7
28. Rc1 f6 1/2-1/2

[Event "Stare Mesto OPEN"]
[Site "?"]
[Date "2004.08.17"]
[Round "6.14"]
[White "Ozeren, Kemal"]
[Black "Jurcik, Marian"]
[Result "1-0"]
[WhiteElo "2228"]
[BlackElo "2278"]
[PlyCount "81"]
[EventDate "2004.??.??"]

1. d4 d6 2. c4 e5 3. d5 f5 4. e4 fxe4 5. Nc3 Nf6 6. Nge2 Nbd7 7. Ng3 Nc5 8. Bg5
Be7 9. Bxf6 Bxf6 10. Ncxe4 Nxe4 11. Nxe4 O-O 12. Bd3 Bf5 13. O-O Bg6 14. Rc1 c5
15. Qc2 a6 16. a3 Rc8 17. Qb1 Be7 18. b4 cxb4 19. Qxb4 Qc7 20. Rb1 Bxe4 21.
Bxe4 Qxc4 22. Qxc4 Rxc4 23. Rxb7 Bh4 24. f3 Bg5 25. g3 Be3+ 26. Kg2 Rc3 27.
Rfb1 Rxa3 28. Rd7 Ra2+ 29. Kh3 Bg5 30. Rbb7 Bf6 31. Rxd6 a5 32. Ra6 h6 33. Bf5
Ra3 34. Kg4 Bd8 35. Be6+ Kh8 36. Raa7 Bf6 37. Rf7 Rd8 38. Rxf6 gxf6 39. Kh5 Ra2
40. h4 Re8 41. Kxh6 1-0

[Event "Stare Mesto OPEN"]
[Site "?"]
[Date "2004.08.17"]
[Round "6.15"]
[White "Vrana, Frantisek"]
[Black "Weissmann, Lukas"]
[Result "1-0"]
[WhiteElo "2275"]
[BlackElo "2171"]
[PlyCount "95"]
[EventDate "2004.??.??"]

1. e4 e5 2. Nf3 Nc6 3. Nc3 Nf6 4. Bb5 Nd4 5. Nxd4 exd4 6. e5 dxc3 7. exf6 Qxf6
8. dxc3 Qe5+ 9. Be2 Bc5 10. O-O O-O 11. Bd3 d5 12. Re1 Qf6 13. Be3 Bxe3 14.
Rxe3 c6 15. Qh5 g6 16. Qh6 Bd7 17. Rae1 Rfe8 18. Rxe8+ Bxe8 19. Qe3 Bd7 20. Qg3
c5 21. Re5 Bc6 22. h4 Re8 23. Rxe8+ Bxe8 24. Qb8 Qe7 25. Bb5 Kf8 26. Kf1 a6 27.
Bxe8 Qxe8 28. Qxb7 Qe4 29. Qc8+ Kg7 30. Qxc5 Qxc2 31. Qd4+ Kg8 32. Qxd5 Qxb2
33. g3 Qxc3 34. Qa8+ Kg7 35. Qxa6 Qf3 36. Qc4 h6 37. Qd4+ Kh7 38. a4 g5 39.
hxg5 hxg5 40. a5 Qa3 41. Qb6 Qd3+ 42. Kg2 Qe4+ 43. Kg1 f5 44. a6 Qe1+ 45. Kg2
f4 46. Qb7+ Kg6 47. a7 fxg3 48. Qb6+ 1-0

[Event "Stare Mesto OPEN"]
[Site "?"]
[Date "2004.08.17"]
[Round "6.16"]
[White "Dauth, Benjamin"]
[Black "Blaha, Petr"]
[Result "1-0"]
[WhiteElo "2271"]
[BlackElo "2162"]
[PlyCount "103"]
[EventDate "2004.??.??"]

1. e4 e5 2. Bc4 Nf6 3. d4 exd4 4. Nf3 d5 5. exd5 c6 6. O-O cxd5 7. Bb5+ Bd7 8.
Re1+ Be7 9. Bxd7+ Qxd7 10. Nxd4 O-O 11. Bg5 Nc6 12. Nc3 Rfe8 13. Qd3 h6 14. Bh4
Ne4 15. Bxe7 Nxc3 16. Nxc6 bxc6 17. Qxc3 Rxe7 18. Rxe7 Qxe7 19. Qxc6 Rd8 20.
Qc3 d4 21. Qd2 Qc5 22. Re1 Rc8 23. Re2 a5 24. a4 h5 25. h3 g6 26. b3 Kg7 27.
Qf4 Rc6 28. Rd2 Rd6 29. Qe4 Rd7 30. Re2 Rd5 31. Kf1 g5 32. Qf3 h4 33. Qe4 Kf6
34. Qh7 Qc7 35. Qh6+ Kf5 36. Qg7 Rd7 37. Qh7+ Kf6 38. f4 gxf4 39. Qxh4+ Kg6 40.
Qg4+ Kf6 41. Re4 d3 42. Rxf4+ Ke7 43. Qg5+ Kf8 44. Qh6+ Ke8 45. Qh8+ Ke7 46.
Re4+ Kd6 47. Qe5+ Kc6 48. Qb5+ Kd6 49. Qxd3+ Kc5 50. Qb5+ Kd6 51. Qe5+ Kc6 52.
Rc4+ 1-0

[Event "Stare Mesto OPEN"]
[Site "?"]
[Date "2004.08.17"]
[Round "6.17"]
[White "Holeksa, Zdenek"]
[Black "Dlugosz, Jedrzej"]
[Result "0-1"]
[WhiteElo "2223"]
[BlackElo "2270"]
[PlyCount "62"]
[EventDate "2004.??.??"]

1. e4 g6 2. d4 Bg7 3. Nf3 d6 4. Bc4 Nf6 5. Qe2 O-O 6. O-O c6 7. Bb3 Bg4 8. h3
Bxf3 9. Qxf3 Nbd7 10. Be3 e5 11. c3 d5 12. exd5 e4 13. Qe2 Nxd5 14. c4 Nc7 15.
Nc3 f5 16. f4 Kh8 17. Rad1 Qh4 18. d5 cxd5 19. Nxd5 Nxd5 20. cxd5 b6 21. Qb5
Rad8 22. Rc1 Qg3 23. Rc3 Bxc3 24. Bf2 Qxf4 25. bxc3 e3 26. Be1 Qe5 27. c4 Nc5
28. Bc2 Kg8 29. Bb4 e2 30. Re1 Qe3+ 31. Kh1 f4 0-1

[Event "Stare Mesto OPEN"]
[Site "?"]
[Date "2004.08.17"]
[Round "6.18"]
[White "Kovacik, Emil"]
[Black "Schultz, Joern"]
[Result "0-1"]
[WhiteElo "2178"]
[BlackElo "2266"]
[PlyCount "71"]
[EventDate "2004.??.??"]

1. e4 c5 2. Nc3 Nc6 3. g3 g6 4. Bg2 Bg7 5. d3 e6 6. Be3 d6 7. f4 Nge7 8. Nf3
Nd4 9. O-O O-O 10. e5 Bd7 11. Ne4 Nef5 12. Bf2 Nxf3+ 13. Bxf3 dxe5 14. fxe5
Bxe5 15. Nxc5 Bc6 16. Bxc6 bxc6 17. c3 Bg7 18. d4 h5 19. Qe2 Qc7 20. Rae1 Rfe8
21. Nd3 Qa5 22. a3 Rab8 23. Be3 Nxe3 24. Qxe3 Rb5 25. Qe4 Qc7 26. Re2 Re7 27.
Rfe1 Qd6 28. Nb4 c5 29. a4 Bxd4+ 30. Kh1 Rxb4 31. cxb4 cxb4 32. Rd2 Rd7 33.
Red1 e5 34. b3 Kg7 35. Qf3 Rc7 36. Rd3 0-1

[Event "Stare Mesto OPEN"]
[Site "?"]
[Date "2004.08.17"]
[Round "6.19"]
[White "Vass, Frantisek"]
[Black "Grecescu, Gabriel-Andrei"]
[Result "0-1"]
[WhiteElo "2156"]
[BlackElo "2264"]
[PlyCount "92"]
[EventDate "2004.??.??"]

1. f4 g6 2. e4 Bg7 3. d4 c5 4. c3 d6 5. Nf3 Nd7 6. Bc4 e6 7. O-O Ne7 8. d5 exd5
9. Bxd5 Nxd5 10. Qxd5 Nf6 11. Qd3 O-O 12. Nbd2 b6 13. Re1 Bb7 14. Nf1 d5 15. e5
Ne4 16. c4 f5 17. Rd1 d4 18. Ng3 Qd7 19. Qe2 Qc6 20. Re1 Rad8 21. Qf1 a5 22.
Nd2 Nxd2 23. Bxd2 a4 24. b3 Ra8 25. Rec1 Ra6 26. b4 cxb4 27. Bxb4 Rd8 28. Rd1
d3 29. Rac1 h5 30. Bd6 h4 31. Be7 Rd4 32. Nh1 Rxf4 33. Nf2 Bxe5 34. h3 Bd4 35.
Rd2 Be3 36. Rcd1 Ra8 37. Bg5 Rxf2 38. Rxf2 Bxg5 39. Rxd3 Re8 40. Re2 Rxe2 41.
Qxe2 Qe4 42. Qf1 Kh7 43. Rd7+ Kh6 44. Rd3 Qxc4 45. Qa1 Qc1+ 46. Qxc1 Bxc1 0-1

[Event "Stare Mesto OPEN"]
[Site "?"]
[Date "2004.08.17"]
[Round "6.20"]
[White "Neumeier, Lars"]
[Black "Kempinski, Tomasz"]
[Result "0-1"]
[WhiteElo "2254"]
[BlackElo "2151"]
[PlyCount "76"]
[EventDate "2004.??.??"]

1. Nf3 Nf6 2. c4 g6 3. d4 Bg7 4. Nc3 O-O 5. e4 d6 6. h3 e5 7. dxe5 dxe5 8. Be3
Qe7 9. Be2 c6 10. O-O Nbd7 11. Qc2 Nh5 12. Rfe1 Nf4 13. Bf1 Nc5 14. Rad1 a5 15.
a3 Be6 16. Kh2 Rfd8 17. g3 Nh5 18. Nd5 cxd5 19. cxd5 Rac8 20. dxe6 Nd3 21.
exf7+ Qxf7 22. Qa4 Nxe1 23. Rxd8+ Rxd8 24. Bc4 Nxf3+ 25. Kg2 Nd4 26. Bxf7+ Kxf7
27. Qc4+ Ne6 28. f4 exf4 29. gxf4 Ke7 30. f5 Nef4+ 31. Kf1 Be5 32. Bc5+ Kf6 33.
fxg6 hxg6 34. Qb5 Ng3+ 35. Ke1 Nd3+ 36. Kd1 Nxc5+ 37. Kc2 Ngxe4 38. Qb6+ Rd6
0-1

[Event "Stare Mesto OPEN"]
[Site "?"]
[Date "2004.08.17"]
[Round "6.21"]
[White "Vavruska, Antonin"]
[Black "Szymbor, Przemyslaw"]
[Result "1/2-1/2"]
[WhiteElo "2169"]
[BlackElo "2243"]
[PlyCount "89"]
[EventDate "2004.??.??"]

1. e4 c5 2. b4 cxb4 3. a3 e6 4. axb4 Bxb4 5. c3 Bf8 6. d4 d5 7. e5 Nc6 8. Bd3
Bd7 9. Qg4 h5 10. Qg3 h4 11. Qf3 Nh6 12. Nh3 Be7 13. O-O a6 14. Nf4 Qc7 15. Nh5
O-O-O 16. Nxg7 Rdg8 17. Nh5 Ng4 18. Nf4 Ncxe5 19. dxe5 Nxe5 20. Qe2 Nxd3 21.
Nxd3 Bd6 22. f4 f6 23. Ba3 Re8 24. Bxd6 Qxd6 25. Nd2 e5 26. Rfc1 e4 27. Nb4
Rhg8 28. Kh1 Rg4 29. Nf1 e3 30. Nxe3 Qc5 31. Nbc2 Rxf4 32. Qd2 h3 33. g3 Rfe4
34. Re1 f5 35. Nd4 f4 36. gxf4 Rxf4 37. Rf1 Rfe4 38. Rae1 Qe7 39. Nf3 Qc5 40.
Nc2 Bc6 41. Nfd4 Bd7 42. Qf2 Qc7 43. Qd2 Qc5 44. Re3 Kb8 45. Ref3 1/2-1/2

[Event "Stare Mesto OPEN"]
[Site "?"]
[Date "2004.08.17"]
[Round "6.23"]
[White "Dusbaba, Karel"]
[Black "Hausner, Ivan"]
[Result "0-1"]
[WhiteElo "2127"]
[BlackElo "2419"]
[PlyCount "70"]
[EventDate "2004.??.??"]

1. c4 g6 2. Nc3 Bg7 3. d4 Nf6 4. e4 d6 5. f3 a6 6. Be3 Nc6 7. a3 e5 8. d5 Nd4
9. Bd3 c5 10. dxc6 bxc6 11. Nge2 Nd7 12. b4 O-O 13. O-O f5 14. exf5 gxf5 15.
Rc1 a5 16. Bb1 axb4 17. axb4 c5 18. Nd5 Nb6 19. Nxb6 Qxb6 20. bxc5 dxc5 21. Qe1
Be6 22. Bd3 Rad8 23. Bg5 Rd7 24. Nxd4 cxd4 25. c5 Qc6 26. Qe2 Rb7 27. Ba6 Rb4
28. Rc2 e4 29. fxe4 fxe4 30. Rxf8+ Bxf8 31. Qe1 d3 32. Rc1 Rb3 33. Qg3 d2 34.
Be3+ Bg7 35. Ra1 Qxa6 0-1

[Event "Stare Mesto OPEN"]
[Site "?"]
[Date "2004.08.??"]
[Round "6.24"]
[White "Maryasin, Boris"]
[Black "Nutiu, Adrian Mihail"]
[Result "1/2-1/2"]
[WhiteElo "2394"]
[BlackElo "2104"]
[PlyCount "72"]
[EventDate "2004.??.??"]

1. e4 c6 2. d4 g6 3. Nc3 d5 4. Be3 Bg7 5. Qd2 dxe4 6. Nxe4 Nd7 7. Nf3 Ngf6 8.
Nxf6+ Nxf6 9. Bc4 Ne4 10. Qd3 Nd6 11. Bb3 Bf5 12. Qe2 O-O 13. O-O a5 14. a4 Bg4
15. c3 Qb6 16. Ra3 Nf5 17. h3 Nxe3 18. fxe3 Bxf3 19. Rxf3 e6 20. Bc4 Rae8 21.
Ra1 Kh8 22. Raf1 f5 23. Qf2 e5 24. Qc2 Bh6 25. h4 exd4 26. exd4 Re4 27. Rh3 Qd8
28. h5 Rh4 29. hxg6 hxg6 30. Qd3 Kg7 31. Qg3 Rxh3 32. gxh3 Qg5 33. Qxg5 Bxg5
34. Re1 Rc8 35. Re5 Rc7 36. Kf2 Re7 1/2-1/2

[Event "Stare Mesto OPEN"]
[Site "?"]
[Date "2004.08.17"]
[Round "6.25"]
[White "Svoboda, Rostislav"]
[Black "Lasinskas, Povilas"]
[Result "0-1"]
[WhiteElo "2110"]
[BlackElo "2234"]
[PlyCount "70"]
[EventDate "2004.??.??"]

1. d4 c5 2. Nf3 cxd4 3. Nxd4 d5 4. Bf4 f6 5. Bg3 e5 6. Nb3 Be6 7. N1d2 a5 8. a4
Bd6 9. e4 d4 10. Bb5+ Nc6 11. O-O Nge7 12. f4 O-O 13. f5 Bf7 14. Bc4 Rc8 15.
Rc1 Nb4 16. Qe2 Qb6 17. Bf2 Bxc4 18. Nxc4 Qa6 19. Nbd2 Rc7 20. b3 Na2 21. Ra1
Nb4 22. Rac1 Bc5 23. c3 Na2 24. cxd4 Nxc1 25. Rxc1 Bxd4 26. Bxd4 exd4 27. Nf3
Nc6 28. Qf2 Rd7 29. g4 Re8 30. Re1 b5 31. axb5 Qxb5 32. Nfd2 Ne5 33. Qg3 Nxc4
34. Nxc4 d3 35. Nd6 Qc5+ 0-1

[Event "Stare Mesto OPEN"]
[Site "?"]
[Date "2004.08.17"]
[Round "6.26"]
[White "Chrast, Adrian"]
[Black "Tsifanskaya, Ludmila"]
[Result "1/2-1/2"]
[WhiteElo "2089"]
[BlackElo "2216"]
[PlyCount "53"]
[EventDate "2004.??.??"]

1. d4 Nf6 2. Nf3 g6 3. c4 Bg7 4. Nc3 O-O 5. g3 d6 6. Bg2 Nc6 7. O-O a6 8. Qd3
Rb8 9. d5 Nb4 10. Qb1 a5 11. a3 Na6 12. e4 e6 13. Ra2 exd5 14. cxd5 Bd7 15. b4
Re8 16. Bg5 h6 17. Be3 Ng4 18. Bd4 Bxd4 19. Nxd4 Qf6 20. Nde2 Qe7 21. h3 Nf6
22. Rb2 axb4 23. axb4 c6 24. Rd1 cxd5 25. Nxd5 Nxd5 26. Rxd5 Nc7 27. Rdd2
1/2-1/2

[Event "Stare Mesto OPEN"]
[Site "?"]
[Date "2004.08.17"]
[Round "6.27"]
[White "Karhanel, Pavel"]
[Black "Camus, Berenger"]
[Result "1-0"]
[WhiteElo "2211"]
[BlackElo "2092"]
[PlyCount "57"]
[EventDate "2004.??.??"]

1. d4 Nf6 2. Bg5 e6 3. e3 h6 4. Bh4 c5 5. c3 Nc6 6. Nd2 d5 7. Bd3 Qb6 8. Rb1 e5
9. Bxf6 gxf6 10. dxc5 Bxc5 11. Qh5 Be6 12. Bf5 O-O-O 13. Ne2 Rdg8 14. b4 Be7
15. Bxe6+ fxe6 16. O-O Rg5 17. Qh3 f5 18. c4 Rhg8 19. g3 dxc4 20. b5 Nb4 21.
Nf3 Nd3 22. Nxg5 Bxg5 23. Kh1 Kb8 24. Qh5 f4 25. Qf7 Qd8 26. b6 a6 27. gxf4
exf4 28. exf4 Bxf4 29. Nxf4 1-0

[Event "Stare Mesto OPEN"]
[Site "?"]
[Date "2004.08.17"]
[Round "6.28"]
[White "Medunova, Vera"]
[Black "Foglia, Maurizio"]
[Result "1/2-1/2"]
[WhiteElo "2191"]
[BlackElo "2083"]
[PlyCount "137"]
[EventDate "2004.??.??"]

1. e4 Nf6 2. e5 Nd5 3. d4 d6 4. Nf3 g6 5. Be2 Bg7 6. O-O O-O 7. c4 Nb6 8. Nc3
dxe5 9. Nxe5 N8d7 10. Nxd7 Nxd7 11. Be3 c6 12. Qd2 Nf6 13. h3 Be6 14. Rfd1 Qc8
15. Rac1 Rd8 16. Bf4 h5 17. Qe3 Rd7 18. b3 Qd8 19. Rd2 Qa5 20. Bf3 Rc8 21. Na4
b6 22. Nc3 b5 23. Ne4 Nxe4 24. Bxe4 bxc4 25. bxc4 Qb6 26. c5 Qb4 27. Rcd1 Rcd8
28. Bxc6 Rxd4 29. Bf3 Qxc5 30. a3 Qb6 31. Qe2 Rxd2 32. Rxd2 Rxd2 33. Qxd2 Qd4
34. Qxd4 Bxd4 35. Bc6 Bc4 36. g3 e5 37. Bd2 f5 38. Be8 Bf7 39. Bb5 Kg7 40. Kf1
Bd5 41. Ke2 Kf6 42. h4 Bc5 43. a4 Bd6 44. Bg5+ Kf7 45. Be3 Bb8 46. Bc5 Kf6 47.
Be8 f4 48. gxf4 exf4 49. f3 Bc4+ 50. Kd2 a6 51. Bd4+ Kf5 52. Kc3 Be6 53. Bc6
Bf7 54. Be4+ Ke6 55. Bb7 Be8 56. Bxa6 Bxa4 57. Bc4+ Ke7 58. Kd2 Bc6 59. Ke2 Bd7
60. Bd3 Kf7 61. Bc4+ Be6 62. Bd3 Bd6 63. Kf1 Be7 64. Bf2 Bf6 65. Bb5 Be5 66.
Bd3 Kf6 67. Bb6 Bf5 68. Bb5 Kf7 69. Bc4+ 1/2-1/2

[Event "Stare Mesto OPEN"]
[Site "?"]
[Date "2004.08.17"]
[Round "6.29"]
[White "Stuchly, Radim"]
[Black "Holusova, Tana"]
[Result "1/2-1/2"]
[WhiteElo "2066"]
[BlackElo "2153"]
[PlyCount "93"]
[EventDate "2004.??.??"]

1. e4 c5 2. Nf3 e6 3. d3 d5 4. Nbd2 Nf6 5. g3 Be7 6. Bg2 Nc6 7. O-O O-O 8. Re1
Qc7 9. Qe2 b6 10. Nf1 Ba6 11. e5 Nd7 12. c3 b5 13. h4 b4 14. h5 bxc3 15. bxc3
Qa5 16. Qc2 Rab8 17. N1h2 Bb5 18. a4 Ba6 19. Ng4 d4 20. c4 Nb4 21. Qd1 Bb7 22.
Ng5 Bxg2 23. Kxg2 Nc2 24. Bd2 Nxe1+ 25. Qxe1 Qd8 26. Ne4 Rb3 27. Qe2 Qb6 28.
Qf3 f5 29. exf6 Bxf6 30. h6 Be7 31. Qe2 g6 32. a5 Qc6 33. Bf4 a6 34. Kh2 Rf5
35. f3 Qb7 36. Bd2 Rb2 37. Ngf2 Ne5 38. f4 Nd7 39. Ng4 Qc6 40. Kg1 Rf8 41. Qg2
Qc7 42. Qh3 Qc6 43. Rf1 Bd8 44. Qg2 Kh8 45. Qh3 Ra2 46. Ne5 Qc7 47. Qxe6
1/2-1/2

[Event "Stare Mesto OPEN"]
[Site "?"]
[Date "2004.08.17"]
[Round "6.30"]
[White "Hecko, Dusan"]
[Black "Stamoudis, Chrisafis"]
[Result "1/2-1/2"]
[WhiteElo "2152"]
[BlackElo "2075"]
[PlyCount "104"]
[EventDate "2004.??.??"]

1. e4 d5 2. exd5 Nf6 3. Bb5+ Bd7 4. Bc4 g6 5. Nc3 Bg7 6. Nf3 O-O 7. O-O c6 8.
dxc6 Nxc6 9. Re1 Bg4 10. h3 Bf5 11. d3 Na5 12. Bb3 Nxb3 13. axb3 Re8 14. Bf4
Nd5 15. Be5 f6 16. Nxd5 Qxd5 17. Bc3 a6 18. Qe2 e5 19. Nd2 Rac8 20. b4 Qc6 21.
Ne4 Be6 22. Ra5 Bd5 23. Rc5 Qd7 24. Rxc8 Rxc8 25. Ra1 Ra8 26. Qe3 Qc6 27. f3 f5
28. Nd2 Rf8 29. Qc5 Rc8 30. Ra5 b5 31. Qxc6 Rxc6 32. Ra3 Bh6 33. Nf1 e4 34. Kf2
Bc1 35. Ne3 Bxe3+ 36. Kxe3 exf3 37. gxf3 Re6+ 38. Kf4 Bb7 39. Be5 Rc6 40. c3
Kf7 41. Ra1 Bc8 42. b3 h6 43. h4 Be6 44. Rb1 Rc8 45. Ke3 g5 46. hxg5 hxg5 47.
c4 Kg6 48. Rc1 f4+ 49. Ke2 Kf5 50. d4 bxc4 51. bxc4 Rxc4 52. Rxc4 Bxc4+ 1/2-1/2

[Event "Stare Mesto OPEN"]
[Site "?"]
[Date "2004.08.18"]
[Round "7.1"]
[White "Karlik, Vladimir"]
[Black "Plachetka, Jan"]
[Result "0-1"]
[WhiteElo "2348"]
[BlackElo "2435"]
[PlyCount "72"]
[EventDate "2004.08.18"]
[SourceDate "2004.08.18"]

1. d4 Nf6 2. Nf3 g6 3. g3 Bg7 4. Bg2 c5 5. c3 Na6 6. O-O O-O 7. Re1 d5 8. Qb3
Qb6 9. Nbd2 cxd4 10. Qxb6 axb6 11. Nxd4 Nc5 12. b3 Bd7 13. Bb2 e5 14. Nc2 Be6
15. Nb4 Rfd8 16. Red1 Rac8 17. e3 Bg4 18. f3 Be6 19. h3 h5 20. Bf1 e4 21. f4
Ne8 22. Kg2 Nd6 23. Be2 Nd3 24. Nxd3 exd3 25. Bxd3 Bxc3 26. Rab1 Bf5 27. Nf3
Bxb2 28. Rxb2 Rc3 29. Ne1 Re8 30. Re2 Kg7 31. Rc2 d4 32. Rxc3 dxc3 33. Nc2 Ne4
34. Nd4 Bxh3+ 35. Kg1 Bg4 36. Rc1 Nc5 0-1

[Event "Stare Mesto OPEN"]
[Site "?"]
[Date "2004.08.18"]
[Round "7.3"]
[White "Jurkiewicz, Krzysztof"]
[Black "Vesselovsky, Serguey"]
[Result "1/2-1/2"]
[WhiteElo "2290"]
[BlackElo "2383"]
[PlyCount "24"]
[EventDate "2004.08.18"]
[SourceDate "2004.08.18"]

1. c4 g6 2. Nc3 Bg7 3. g3 c5 4. Bg2 Nc6 5. Nf3 e6 6. e3 Nge7 7. d4 cxd4 8. Nxd4
O-O 9. O-O d5 10. cxd5 Nxd5 11. Nxd5 Nxd4 12. exd4 exd5 1/2-1/2

[Event "Stare Mesto OPEN"]
[Site "?"]
[Date "2004.08.18"]
[Round "7.4"]
[White "Savage, Ben D"]
[Black "Zpevak, Pavel"]
[Result "1/2-1/2"]
[WhiteElo "2204"]
[BlackElo "2355"]
[PlyCount "25"]
[EventDate "2004.08.18"]
[SourceDate "2004.08.18"]

1. d4 d5 2. Nf3 c6 3. c4 Nf6 4. e3 Bg4 5. Qb3 Qb6 6. Ne5 Bf5 7. Nc3 e6 8. Bd2
Be7 9. Be2 Nbd7 10. f4 Qxb3 11. axb3 Bc2 12. Bd1 Bxd1 13. Kxd1 1/2-1/2

[Event "Stare Mesto OPEN"]
[Site "?"]
[Date "2004.08.18"]
[Round "7.5"]
[White "Lechtynsky, Jiri"]
[Black "Dauth, Benjamin"]
[Result "1-0"]
[WhiteElo "2480"]
[BlackElo "2271"]
[PlyCount "79"]
[EventDate "2004.08.18"]
[SourceDate "2004.08.18"]

1. d4 Nf6 2. Nf3 d5 3. c4 c6 4. cxd5 cxd5 5. Nc3 Nc6 6. Bf4 e6 7. e3 Bd6 8. Bg3
O-O 9. Bd3 a6 10. Rc1 Re8 11. Ne5 Bxe5 12. dxe5 Nd7 13. f4 f5 14. exf6 Nxf6 15.
Bh4 Qb6 16. O-O Qxe3+ 17. Kh1 Ne4 18. Nxe4 dxe4 19. Bb1 Rf8 20. Qd6 e5 21. fxe5
Bg4 22. Qd5+ Kh8 23. Qxe4 Qxe4 24. Bxe4 Rfe8 25. Bg3 Be6 26. b3 Rac8 27. h3 Kg8
28. Rfd1 Red8 29. Rd6 Rxd6 30. exd6 Nd8 31. Rc7 Kf8 32. Bxh7 Rxc7 33. dxc7 Nc6
34. Be1 Ne7 35. Be4 Bc8 36. g4 Kf7 37. Kg2 Ke6 38. Bc3 g6 39. Kf3 Kd6 40. Bb4+
1-0

[Event "Stare Mesto OPEN"]
[Site "?"]
[Date "2004.08.18"]
[Round "7.6"]
[White "Klima, Lukas"]
[Black "Dlugosz, Jedrzej"]
[Result "1-0"]
[WhiteElo "2432"]
[BlackElo "2270"]
[PlyCount "57"]
[EventDate "2004.08.18"]
[SourceDate "2004.08.18"]

1. e4 c6 2. d4 d5 3. Nc3 dxe4 4. Nxe4 Nd7 5. Bc4 Ngf6 6. Ng5 e6 7. Qe2 Nb6 8.
Bd3 h6 9. N5f3 c5 10. dxc5 Nbd7 11. b4 a5 12. c3 Nd5 13. Bd2 Qf6 14. Rc1 Nf4
15. Bxf4 Qxf4 16. Rb1 g5 17. Qc2 Bg7 18. Ne2 Qf6 19. O-O O-O 20. Nd2 Qe7 21.
Nc4 Ne5 22. Nxa5 Rxa5 23. bxa5 f5 24. Nd4 Qxc5 25. Rb5 Qc7 26. Be2 Ng4 27. Bxg4
Bxd4 28. Bxf5 Be5 29. Bxe6+ 1-0

[Event "Stare Mesto OPEN"]
[Site "?"]
[Date "2004.08.18"]
[Round "7.7"]
[White "Schulz, Joern"]
[Black "Sosna, Jan"]
[Result "1/2-1/2"]
[WhiteElo "2266"]
[BlackElo "2422"]
[PlyCount "156"]
[EventDate "2004.08.18"]
[SourceDate "2004.08.18"]

1. d4 d5 2. c4 e6 3. Nc3 c6 4. Nf3 dxc4 5. a4 Bb4 6. e3 b5 7. Bd2 a5 8. axb5
Bxc3 9. Bxc3 cxb5 10. b3 Bb7 11. d5 Nf6 12. bxc4 b4 13. Bxf6 Qxf6 14. Qa4+ Nd7
15. Nd4 e5 16. Nb3 Ke7 17. Rd1 Rhc8 18. d6+ Kd8 19. Nxa5 Be4 20. Qxb4 Rab8 21.
Qd2 Rb6 22. f3 Ba8 23. Be2 Qh4+ 24. g3 Qh3 25. Kf2 Rcb8 26. c5 Rb2 27. c6 Rxd2
28. c7+ Ke8 29. cxb8=Q+ Nxb8 30. Rxd2 Nd7 31. Rc2 Nf6 32. Bb5+ Kd8 33. d7 Nxd7
34. Rd2 Bxf3 35. Rxd7+ Ke8 36. Kxf3 e4+ 37. Kxe4 Qg2+ 38. Kf4 Qf2+ 39. Kg4 h5+
40. Kxh5 Qf5+ 41. Kh4 Qxb5 42. Rhd1 Qxa5 43. R7d5 Qc3 44. R1d3 Qb2 45. Kh3 g6
46. Rd2 Qc3 47. R5d3 Qe5 48. Kg2 Qe4+ 49. Kg1 Kf8 50. Rd1 Kg7 51. Rc3 Kh6 52.
Re1 Qb4 53. Rcc1 Kg5 54. Rf1 Qa3 55. Rce1 Qc3 56. e4 Qd2 57. e5 Kh6 58. Re4 Qd3
59. Ref4 Qe3+ 60. Kg2 Qxe5 61. Rxf7 Qe2+ 62. R1f2 Qe4+ 63. R7f3 Qd5 64. h3 Qe4
65. Kh2 Qd5 66. Rf4 Qc5 67. h4 Qe3 68. g4 Qe7 69. Kh3 Qe3+ 70. R4f3 Qe1 71. Rf7
Qe6 72. R2f6 Qe3+ 73. Rf3 Qe6 74. R7f6 Qe1 75. g5+ Kh5 76. R3f4 Qe3+ 77. Kg2
Qe2+ 78. Kg3 Qg2+ 1/2-1/2

[Event "Stare Mesto OPEN"]
[Site "?"]
[Date "2004.08.18"]
[Round "7.8"]
[White "Kireev, Aleksei"]
[Black "Ozeren, Kemal"]
[Result "1/2-1/2"]
[WhiteElo "2358"]
[BlackElo "2228"]
[PlyCount "60"]
[EventDate "2004.08.18"]
[SourceDate "2004.08.18"]

1. d4 d5 2. Bg5 c6 3. e3 h6 4. Bh4 Qb6 5. Qc1 Bf5 6. Nf3 Nd7 7. c4 Ngf6 8. c5
Qa5+ 9. Qc3 Qxc3+ 10. Nxc3 g5 11. Bg3 Nh5 12. Kd2 Nxg3 13. hxg3 Bg7 14. b4 e6
15. a4 Ke7 16. Bd3 Bxd3 17. Kxd3 f5 18. Rhb1 Rhc8 19. Ra2 b6 20. Nd2 Rab8 21.
Rab2 bxc5 22. bxc5 Rxb2 23. Rxb2 Rb8 24. Rb3 Kd8 25. Na2 Rxb3+ 26. Nxb3 Nb8 27.
Nb4 Bf6 28. f3 Kd7 29. e4 Bd8 30. e5 Ke8 1/2-1/2

[Event "Stare Mesto OPEN"]
[Site "?"]
[Date "2004.08.18"]
[Round "7.9"]
[White "Kotan, Ladislav"]
[Black "Blumel, Otto"]
[Result "1-0"]
[WhiteElo "2325"]
[BlackElo "2244"]
[PlyCount "101"]
[EventDate "2004.08.18"]
[SourceDate "2004.08.18"]

1. e4 c5 2. Nf3 Nf6 3. Nc3 Nc6 4. Bb5 d5 5. exd5 Nxd5 6. Ne5 Nxc3 7. dxc3 Qxd1+
8. Kxd1 a6 9. Bxc6+ bxc6 10. f3 f6 11. Nc4 e5 12. Be3 Be6 13. Nb6 Rb8 14. Na4
Rd8+ 15. Kc1 g5 16. Bxc5 Bg7 17. b3 g4 18. Be3 f5 19. Nc5 Bc8 20. Re1 O-O 21.
Kb2 f4 22. Bf2 Rd6 23. Rad1 Rh6 24. Bg1 gxf3 25. gxf3 Rh3 26. Rf1 Bf5 27. Rde1
Rd8 28. Kc1 Bf8 29. Rxe5 Bg6 30. Re2 Bh5 31. Bd4 Bxf3 32. Ref2 Bxc5 33. Bxc5
Bh5 34. Rg2+ Bg6 35. Rxf4 Rxc3 36. Bd4 Rh3 37. Re2 Rf8 38. Rg4 Rf1+ 39. Kb2 Kf7
40. Be5 Rh5 41. Rb4 Kg8 42. Rb6 Rff5 43. Bc3 Rc5 44. Re7 Kf8 45. Rc7 Rb5 46.
Rxa6 Rb8 47. Bg7+ Ke8 48. Rcxc6 Rb7 49. Re6+ Kd7 50. Be5 Bf7 51. Rad6+ 1-0